000 00604nam a2200193 u 4500
005 20240511063841.0
008 150218s2006 r 000 0 eng d
020 _a1405462353
035 _aUPN01000201796
049 _aI
050 4 _aPZ10.3
_bH3.73
100 1 _aHarker, Jillian
_932693
245 1 0 _aTe quiero, papi /
_cJillian Harker ; il. de Kristina Stephenson ; tr. Mónica Artigas Romero.
260 _aBarcelona, Esp. :
_bParragon,
_c2006.
300 _a24 p. :
_bil. col.
650 4 _aCuentos infantiles ingleses
_910002
650 4 _aOsos
_vCuentos y leyendas
_910810
905 _aInfantil
999 _c173897
_d173897